Straty zvyšujú chuť riskovať
Udelenie Nobelovej ceny za r. 2002 v odbore ekonómia Američanovi Vernonovi Smithovi a občanovi USA a Izraela Danielovi Kahnemanovi. D. Kahneman bol ocenený za to, že "do ekonómie vniesol prvky psychologického výskumu, predovšetkým vo vzťahu k vyhodnocovaniu a rozhodovaniu v stave neistoty". V. Smith...
Saved in:
| Main Author: | |
|---|---|
| Format: | Book Chapter |
| Language: | Slovak |
| Subjects: | |
| Tags: |
No Tags, Be the first to tag this record!
|
MARC
| LEADER | 00000naa a2200000 4500 | ||
|---|---|---|---|
| 001 | r046778 | ||
| 005 | 20230921113647.4 | ||
| 041 | 0 | |a slo | |
| 044 | |a SK | ||
| 245 | 1 | 0 | |a Straty zvyšujú chuť riskovať |c Patrik Garaj |
| 520 | |a Udelenie Nobelovej ceny za r. 2002 v odbore ekonómia Američanovi Vernonovi Smithovi a občanovi USA a Izraela Danielovi Kahnemanovi. D. Kahneman bol ocenený za to, že "do ekonómie vniesol prvky psychologického výskumu, predovšetkým vo vzťahu k vyhodnocovaniu a rozhodovaniu v stave neistoty". V. Smith si cenu zaslúžil etablovaním "laboratórnych experimentov ako nástroja empirickej ekonomickej analýzy, predovšetkým pri štúdiách rôznych trhových mechnizmov". | ||
| 610 | 2 | 0 | |a Nobelova cena |
| 610 | 2 | 0 | |a ekonómia |
| 610 | 2 | 0 | |a USA |
| 610 | 2 | 0 | |a Smith, V. |
| 610 | 2 | 0 | |a Kahneman, D. |
| 610 | 2 | 0 | |a 2002 |
| 100 | 1 | |a Garaj, Patrik | |